| 000 | 01187nam a22002417a 4500 | ||
|---|---|---|---|
| 005 | 20100304104526.0 | ||
| 008 | 100304t xxu||||| |||| 00| 0 hin d | ||
| 010 | _aHIN-89012 | ||
| 020 |
_c300.00 _a8188093556 |
||
| 035 | _aHN-61358 | ||
| 037 | _bDBAD / PUB | ||
| 040 |
_aDPL _bHN |
||
| 082 | _a342.0209520494 | ||
| 100 |
_aनारायण, इकबाल _914750 |
||
| 245 |
_aजापान एवं स्विटज़रलैण्ड का संविधान / _cइकबाल नारायण; अनुपमा सक्सेना द्वारा संशोधित एवं संपादित |
||
| 246 |
_aJapan evam siwtjarland ka sawidhan/ _bby Iqbal Narayan; |
||
| 260 |
_aजयपुर _bग्रन्थ विकास _c2010 |
||
| 270 |
_aसी-37, राजापार्क _bजयपुर |
||
| 300 |
_a189पृ _c22सेमी (सजिल्द) |
||
| 700 |
_aसक्सेना, अनुपमा _914751 |
||
| 942 |
_2ddc _cHN _mनाराय |
||
| 999 |
_c34379 _d34379 |
||